00720nam a2200205Ia 4500003000900000008004100009040001600050080001500066100002500081245015700106260003400263300001500297650001300312650003400325650002300359650001900382942000700401999001500408952009100423IN-BaIIA211028s9999 xx 000 0 eng d cIIA Library a53.08bKOH aKohlrausch, F.92381 3aAn introduction to physical measurementsbwith appendices on absolute electrical measurementcF Kohlrausch  aLondonbJ & A Churchillc1873 axii, 249p. aArchives aElectrical measurements92382 aMeasurements92383 aNASA thesaurus cBK c1132d1132 00104070aBANbKODcGENd0000-00-00l0o53.08/ KOHp1191r2021-11-05w0000-00-00yBK